Kolory liturgiczne w Kościele katolickim - Statystyki

Ogólne statystyki
  • Ten quiz został rozwiązany 821 razy
  • Średni wynik to 7 z 8
Statystyki odpowiedzi
Znaczenie Kolor % Poprawnych
Używany w trakcie adwentu oraz wielkiego postu fioletowy
99%
Używany w trakcie okresu zwykłego, pojawia się najczęściej w ciągu roku zielony
97%
Używany m.in. w okresie Bożego Narodzenia i Zmartwychwstania oraz podczas świąt Pańskich i wspomnień świętych (nie męczenników) biały
92%
Używany przede wszystkim podczas Wielkiego Piątku i wspomnień świętych męczenników czerwony
91%
Może być używany w mszach pogrzebowych oraz 2 listopada we wspomnienie wszystkich zmarłych czarny
89%
Może być używany podczas świąt maryjnych (np. NMP Królowej Polski) niebieski/błękitny
88%
Może być używany jedynie dwa razu w roku: w III niedzielę adwentu i IV niedzielę wielkiego postu różowy
81%
Może być używany zamiast koloru białego podczas najważniejszych uroczystości złoty
79%
Nie znaleziono quizów pasujących do podanych kryteriów
Rozkład punktacji
Procent ludzi z każdym wynikiem
Percentyl według liczby udzielonych odpowiedzi
Twoja historia wyników
Nie rozwiązałeś tego quizu